Organizaciones y teoría de la organización
Đã lưu trong:
| Tác giả chính: | |
|---|---|
| Định dạng: | Sách |
| Ngôn ngữ: | Tiếng Tây Ban Nha |
| Được phát hành: |
Buenos Aires
El Ateneo
1987
|
| Loạt: | Biblioteca de Ciencias Económicas
|
| Những chủ đề: | |
| Các nhãn: |
Thêm thẻ
Không có thẻ, Là người đầu tiên thẻ bản ghi này!
|
MARC
| LEADER | 00000nam a2200000 a 4500 | ||
|---|---|---|---|
| 001 | UCH0582 | ||
| 003 | CL-VaPUC | ||
| 008 | 090320e19870000AG |||||||||||||||||spa|d | ||
| 020 | |a 950023601X | ||
| 082 | 0 | 4 | |a 658.001 |b PFE |2 21 |
| 100 | 0 | |a Pfeffer, Jeffrey |e author |9 534809 | |
| 245 | 1 | 0 | |a Organizaciones y teoría de la organización |
| 300 | |a 282 p | ||
| 942 | |c BK | ||
| 945 | |d 20090320 00:00:00 |a rbrito | ||
| 260 | |a Buenos Aires |b El Ateneo |c 1987 | ||
| 650 | 0 | |a Organizaciones |9 337993 | |
| 650 | 7 | |a TEORIA DE LAS ORGANIZACIONES |2 CL-VaPUC |9 346566 | |
| 650 | 7 | |a ESTRUCTURA ADMINISTRATIVA |2 CL-VaPUC |9 268757 | |
| 650 | 0 | |a Administración |9 259325 | |
| 650 | 0 | |a Economía |9 255568 | |
| 650 | 0 | |a Ciencias administrativas |9 337994 | |
| 583 | |a last modification |c 20140401 10:47:36 |k Rodrigo Vera | ||
| 490 | 0 | |a Biblioteca de Ciencias Económicas | |
| 999 | |c 332865 |d 332863 | ||
| 952 | |0 0 |1 0 |4 0 |6 658_001000000000000_PFE_1987 |7 0 |8 A |9 420904 |a BIBING |b BIBING |d 2019-11-22 |i 4514769 |o 658.001 PFE 1987 |p 4514769 |r 2025-01-20 |w 2019-11-22 |y BK |k EII | ||